[Photograph of Daniel Watney (Record no. 116392)
[ view plain ]
| 000 -LEADER | |
|---|---|
| fixed length control field | 00789ckm a22002295a 4500 |
| 001 - CONTROL NUMBER | |
| control field | L140616 |
| 008 - FIXED-LENGTH DATA ELEMENTS--GENERAL INFORMATION | |
| fixed length control field | 071002s1905 xxk eng u |
| 035 ## - SYSTEM CONTROL NUMBER | |
| System control number | (Sirsi) u140616 |
| 041 0# - LANGUAGE CODE | |
| Language code of text/sound track or separate title | eng |
| 245 01 - TITLE STATEMENT | |
| Title | [Photograph of Daniel Watney |
| Remainder of title | February 1905] |
| Medium | [graphic] |
| 260 ## - PUBLICATION, DISTRIBUTION, ETC. | |
| Date of publication, distribution, etc. | 1905 |
| 300 ## - PHYSICAL DESCRIPTION | |
| Extent | 1 photograph |
| Other physical details | b&w |
| Dimensions | 27 x 20 cm. |
| 340 ## - PHYSICAL MEDIUM | |
| Material base and configuration | Photographic reproduction |
| 351 ## - ORGANIZATION AND ARRANGEMENT OF MATERIALS | |
| Hierarchical level | Single item |
| 500 ## - GENERAL NOTE | |
| General note | Photograph of Daniel Watney, signed in pencil and dated February 1905. |
| 500 ## - GENERAL NOTE | |
| General note | The photograph is reproduced on to a larger sheet of paper. |
| 520 ## - SUMMARY, ETC. | |
| Summary, etc. | Daniel Watney (1835-1923) was a founder member of the Surveyors' Institution, and was President from 1895-7. |
| 600 14 - SUBJECT ADDED ENTRY--PERSONAL NAME | |
| Personal name | Watney, Daniel |
| 651 4# - SUBJECT ADDED ENTRY--GEOGRAPHIC NAME | |
| Geographic name | United Kingdom |
| Chronological subdivision | |
| 690 ## - LOCAL SUBJECT ADDED ENTRY--TOPICAL TERM (OCLC, RLIN) | |
| Topical term or geographic name as entry element | ABOUT RICS |
| 942 ## - ADDED ENTRY ELEMENTS (KOHA) | |
| Suppress in OPAC | 0 |
| Withdrawn status | Lost status | Source of classification or shelving scheme | Damaged status | Not for loan | Home library | Current library | Shelving location | Date acquired | Total Checkouts | Full call number | Barcode | Date last seen | Copy number | Price effective from | Koha item type |
|---|---|---|---|---|---|---|---|---|---|---|---|---|---|---|---|
| Dewey Decimal Classification | Historic collection | Historic collection | Historic collection | 02/10/2007 | MAP CABINET DRAWER 7 | 140616-2001 | 06/08/2019 | 1 | 06/08/2019 | Archive |